00581 2200229 4500001002100000005001500021035002000036007000300056008004100059020000600100082001300106084002100119100001700140245003300157250001700190260003900207300002700246650001200273650001500285856002800300990002300328INLIS00000000000674220231129110956 a0010-1123000036ta231129 0 ind  a- a338(594) a338.1(594) MAN p0 aMANULLANG, M1 aPengantar Ekonomi Perusahaan aCetakan ke 5 aJakarta :bGhalia Indonesia,c1975 a334p. :bilus ;c20 cm 4aEkonomi 4aPerusahaan aPerpustakaan BSIP Jatim a418/BSIPJATIM/2023